| 000 | 00349nam a2200133 4500 | ||
|---|---|---|---|
| 005 | 20260530115258.0 | ||
| 100 | 1 |
_aK.L. Wolf - D. Kuhn _930857 |
|
| 245 | 1 | 0 | _aForma y Simetría |
| 264 | 1 |
_bEditorial Universitaria de BsAs _c1959 |
|
| 300 | _a56 páginas | ||
| 336 |
_atexto _2rdacontent |
||
| 337 |
_asin medio _2rdamedia |
||
| 338 |
_avolumen _2rdacarrier |
||
| 999 |
_c12735 _d12735 |
||